00645 2200253 4500001002100000005001500021035002000036007000300056008004100059020002200100082000800122084001200130245008200142250001000224260003000234300002500264650001000289700001800299710002500317990001200342990001200354990001300366990001200379INLIS00000000000532020200921112315 a0010-0220000038ta200921 a 0 ind  a978-979-29-7082-1 a701 a701 SER aSeri Yuk Mewarnai Sayuran Hijau /cTim Kreatif Rainbow; editor, Purindraswari acet.1 aYogyakarta :bAndi,c2018 avi, 29 hlm. :bilus. 4aWARNA0 aPURINDRASWARI0 aTIM, Kreatif Rainbow a17025 A a17025 B a17025 C a17025 D